000 01151nam a2200241Ia 4500
999 _c38509
_d38509
001 4610
003 GE_BSU
005 20190510183421.0
008 181216s2003|||| |||||||||||||| ||geo||
020 _a9994016105
040 _cGE_BSU
041 _ageo
080 _a316.32 + 342.745 + 327 ბ–95
100 _aბული, ჰედლი
_9993
245 _aანარქიული საზოგადოება: წესრიგის საკითხი მსოფლიო პოლიტიკაში /
_cჰედლი ბული ; მთარგმნ : გიორგი ხელაშვილი ; რედ : ანა ჭაბაშვილი
264 _aთბილისი .:
_bდიოგენე,
_c2003.
300 _a350გვ . ;
_c 20სმ.
653 _aანარქიული საზოგადოება
653 _aმსოფლიო პოლიტიკა
700 _aხელაშვილი, გიორგი
_eმთარგმნელი
_9994
700 _aჭაბაშვილი, ანა
_eრედაქტორი
_9995
942 _cBK
_2udc